Statistiques concernant Vainqueurs des trophées de la cérémonie du ballon d'or 2023

Cliquez ici pour prendre le quiz!

Statistiques générales

  • Ce quiz a été pris 140 fois
  • Le résultat moyen est 6 sur 8

Statistiques - réponses

TrophéeGagnant(e)% Correct
Ballon d'or masculinLionel Messi
100%
Club féminin de l'annéeFC Barcelone F
92%
Club Masculin de l'annéeManchester City
92%
Trophée YachineEmiliano Martinez
87%
Trophée Gerd MüllerErling Haaland
83%
Trophée KopaJude Bellingham
83%
Prix SocratesVinicius Junior
68%
Ballon d'or fémininAitana Bonmati
37%

Distribution des résultats

Percentile par nombre de réponses

% des personnes avec chaque résultat

Votre développement - résultats

Vous n’avez pas pris ce quiz